000 01025nam a2200217Ia 4500
003 Ost
005 20260507075741.0
008 260507s9999||||xx |||||||||||||| ||und||
040 _cfsecg
041 _aara
082 _a330
100 _aطلبة، أنور
_eمؤلف
245 0 _aالعقود الصغيرة :
_bعقد التأمين /
_c أنور طلبة
260 _aالإسكندرية:
_bالمكتب الجامعي الحديث,
_c2004
300 _a327 صفحة؛
_bإيضاحات ؛
_c25 سم
490 _aالمكتبة القانونية
520 _aعقد التأمين- أحكام عقد التأمين- الدعاوي الناشئة عن عقد التأمين- التأمين في النقل البري- التأمين الجماعي- تقادم الدعاوي الناشئة عن عقد التأمين- الوقائع التي لا تخضع للتقادم الثلاثي-آثار عقد التأمين
653 _aالتأمين - البنوك
653 _aالعقود
942 _cكتاب
999 _c46146
_d46146